| 000 | 01435nam a2200229Ia 4500 | ||
|---|---|---|---|
| 003 | Ost | ||
| 005 | 20260507075639.0 | ||
| 008 | 260507s9999||||xx |||||||||||||| ||und|| | ||
| 040 | _cfsecg | ||
| 041 | _aara | ||
| 082 | _a647.94 | ||
| 100 |
_aتوفيق، ماهر عبد العزيز _eمؤلف |
||
| 245 | 0 |
_aمبادئ إدارة الفنادق / _c ماهر عبد العزيز توفيق |
|
| 260 |
_aعمان: _bدار زهران للنشر والتوزيع, _c1998 |
||
| 300 |
_a371 صفحة؛ _bإيضاحات ؛ _c24 سم |
||
| 504 | _aالمراجع ص.368 | ||
| 520 | _aلمحة تاريخية عن تطوير الفنادق وأماكن الإيواء ،تعريف الفندق وتقسيمه من حيث الملكية والمقع والخدمات،تصنيف الفنادق،دراسة الهيكل التنظيمي للفنادق،وصف الأقسام العاملة في الفنادق،التنظيم الفندقي،الفنادق العالمية والشركات الفندقية ،الإستغلال الفندقي ،العوامل التي تساعد على نجاح الفندق،خدمة الصوف،الاشراق والإدارة الفندقية ،النسب والاحصاءات الفندقية،دراسة الجدوى الإقتصادية للفنادق ، مصطلحات فندقية | ||
| 653 | _aالإدارة | ||
| 653 | _aالسياحة | ||
| 653 | _aالفنادق | ||
| 942 | _cكتاب | ||
| 999 |
_c45356 _d45356 |
||